Statistics for the ULTIMATE one direction quiz!!

Click here to take the quiz!

General Stats

  • This quiz has been taken 2,587 times
  • The average score is 13 of 15

Answer Stats

HintAnswer% Correct
who has four nipples?harry styles
100%
who perviously had kidney problems?Liam payne
99%
who signed with a soccer team?louis tomlinson
99%
who was born in Ireland?Niall horan
99%
who doesn't know how to swim?Zayn Malik
99%
what tv show were they formed on?x factor
96%
who was their mentor?simon cowell
93%
what position/place did they get on the x factor?3
92%
what was their debut single?what makes you beautiful
90%
what abreviation is used for their band name?1D
89%
what was the first song they sang together as a band?torn
88%
who wrote Moments?ed sheeran
84%
what did they call simon?uncle simon
83%
who did harry styles kiss at midnight on new years eve in 2012-13taylor swift
75%
what is the name if their debut perfume?our moment
56%

Score Distribution

Percentile by Number Answered

Percent of People with Each Score

Your Score History

You have not taken this quiz